Catálogo

Vista normal Vista MARC

Entrada Personal Name

Número de registros utilizados en: 2

001 - CONTROL NUMBER

  • control field: 15057

003 - CONTROL NUMBER IDENTIFIER

  • control field: DLC

005 - DATE AND TIME OF LATEST TRANSACTION

  • control field: 20231027122347.0

008 - FIXED-LENGTH DATA ELEMENTS

  • fixed length control field: 920511n| acannaabn |a aaa

010 ## - LIBRARY OF CONGRESS CONTROL NUMBER

  • LC control number: n 92050860

035 ## - SYSTEM CONTROL NUMBER

  • System control number: (OCoLC)oca03168365

040 ## - CATALOGING SOURCE

  • Original cataloging agency: DLC
  • Language of cataloging: spa
  • Transcribing agency: Mx-PuUPA
  • Modifying agency: DLC
  • Modifying agency: OCoLC
  • Modifying agency: Mx-PuUPA
  • Description conventions: rda

100 1# - HEADING--PERSONAL NAME

  • Personal name: Magallón Anaya, Mario,

374 ## - OCCUPATION

  • Occupation: Autor

375 ## - GENDER

  • Gender: hombre

377 ## - ASSOCIATED LANGUAGE

  • Language code: spa

400 1# - SEE FROM TRACING--PERSONAL NAME

  • Personal name: Anaya, Mario Magallón

400 1# - SEE FROM TRACING--PERSONAL NAME

  • Personal name: Magallón, Mario

670 ## - SOURCE DATA FOUND

  • Source citation: Zea, 1991:
  • Information found: t.p. (Mario Magallón Anaya)

670 ## - SOURCE DATA FOUND

  • Source citation: Zea, L. La filosofía como compromiso de liberación, c1991:
  • Information found: t.p. (Mario Magallón)